Bam Nuttall bags £500m civils (Record no. 82918)

MARC details
000 -LEADER
fixed length control field 01009cab a22001935a 4500
001 - CONTROL NUMBER
control field L152243
008 - FIXED-LENGTH DATA ELEMENTS--GENERAL INFORMATION
fixed length control field 110215e20110211xxk 000 0 eng d
035 ## - SYSTEM CONTROL NUMBER
System control number (Sirsi) u152243
041 0# - LANGUAGE CODE
Language code of text/sound track or separate title eng
100 1# - MAIN ENTRY--PERSONAL NAME
Personal name Lowery, Dave
245 00 - TITLE STATEMENT
Title Bam Nuttall bags £500m civils
Remainder of title business barometer, Crossrail contributes to positive start to the year as work goes 48% up on previous month to £2.6bn
260 ## - PUBLICATION, DISTRIBUTION, ETC.
Date of publication, distribution, etc. 2011
490 ## - SERIES STATEMENT
Series statement Building
Volume/sequential designation 276 (8665) 11 February 2011, 18-19(2)
520 ## - SUMMARY, ETC.
Summary, etc. Overview of recent months; tables of top contractors including and excluding civils for January 2011; yearly work won February 2010-January 2011; top architects, clients/promoters, and quantity surveyors February 2010 to January 2011 using information from Barbour ABI. Economists' views of 2011 outlook based on ONS estimates, the Bank of England in February 2011, December 2010 mortgage approval rates.
590 ## - LOCAL NOTE (RLIN)
Local note KA
651 #4 - SUBJECT ADDED ENTRY--GEOGRAPHIC NAME
Geographic name United Kingdom
Chronological subdivision
690 ## - LOCAL SUBJECT ADDED ENTRY--TOPICAL TERM (OCLC, RLIN)
Topical term or geographic name as entry element BUILT ENVIRONMENT-CONSTRUCTION MARKET
942 ## - ADDED ENTRY ELEMENTS (KOHA)
Suppress in OPAC 0
Holdings
Withdrawn status Lost status Source of classification or shelving scheme Damaged status Not for loan Home library Current library Shelving location Date acquired Total Checkouts Full call number Barcode Date last seen Copy number Price effective from Koha item type
    Dewey Decimal Classification     London London Journal article 15/02/2011   L152243 152243-1001 06/08/2019 1 06/08/2019 Journal article